Countries and Clubs of UEFA Euro Squads 2024 -- Group B - Statistics

General Stats
  • This quiz has been taken 93 times
  • The average score is 11 of 22
Answer Stats
Answer % Correct
Barcelona
94%
Real Madrid
91%
Spain
87%
Italy
82%
England
80%
Croatia
78%
Inter Milan
75%
Juventus
72%
Germany
67%
Athletic Bilbao
65%
AS Roma
59%
Real Sociedad
54%
Manchester City
53%
Dinamo Zagreb
47%
Turkey
34%
Russia
23%
Rijeka
15%
Romania
11%
Ajax
10%
Lecce
8%
Empoli
6%
Sassuolo
6%
No matching quizzes found
Score Distribution
Percent of People with Each Score
Percentile by Number Answered
Your Score History
You have not taken this quiz